| 000 | 01664nam2a2200289 4500 | ||
|---|---|---|---|
| 001 | RU\NLR\bibl\869263 | ||
| 005 | 20250614161506.0 | ||
| 010 |
_a5-7782-0517-Х _9500 |
||
| 021 |
_aRU _b2005-40451 _92012 |
||
| 035 | _a(NLR Aleph) 000857892 | ||
| 090 |
_a1521266 _c1521266 |
||
| 100 | _a20051109d2005 |||y0rusy50 ca | ||
| 101 | 0 | _arus | |
| 102 | _aRU | ||
| 105 | _aa ||||||||| | ||
| 200 | 1 | _aАэродинамические трубы и газодинамические установки | |
| 210 |
_d2005 _aБ. м. |
||
| 215 |
_a217 с. _cил. |
||
| 320 | _aБиблиогр.: с. 213-215 (49 назв.) | ||
| 461 | 0 |
_1001RU\NLR\bibl\879070 _12001#$aТехника и методы аэрофизического эксперимента$vЧ. 1 _91579443 _aХаритонов, А. М. (д-р техн. наук ; 1931-) _cНовосибирск _d2005 _fА.М. Харитонов _nИзд-во Новосибирского государственного технического университета _tТехника и методы аэрофизического эксперимента _vЧ. 1 |
|
| 606 | 1 |
_aЛетательные аппараты _jУчебники для высших учебных заведений _xИспытание в аэродинамической трубе _91065946 _3RU\NLR\auth\6695921 |
|
| 606 | 1 |
_aГазодинамические установки _jУчебники для высших учебных заведений _xПрименение в авиастроении _92401532 _3RU\NLR\auth\661431488 |
|
| 801 | 0 |
_aRU _bNLR _c20051109 _grcr |
|
| 801 | 1 |
_aRU _bNLR _c20051109 |
|
| 942 | _cBOOK | ||
| 980 | _aNB | ||